| 000 | 00428nam a22001697a 4500 | ||
|---|---|---|---|
| 003 | CEME | ||
| 005 | 20210628203020.0 | ||
| 008 | 210415b xxu||||| |||| 00| 0 eng d | ||
| 020 | _a81-85198-42-X | ||
| 040 | _c. | ||
| 082 | _a004 FRO'B | ||
| 100 |
_aBhatkar, V.P , Purohit, S.C , Basu, A _962869 |
||
| 245 | _aFrontiers in parallel computing | ||
| 260 |
_aNEW DELHI _bNAROSA _c1991 |
||
| 300 | _aXII,397P | ||
| 942 |
_cBK _2ddc |
||
| 999 |
_c571835 _d571835 |
||